00841nam a2200205 a 450000100100000000500170001000800410002704000250006808200150009311000570010824000180016524500650018326000740024830000210032250000340034304900090037795201130038695201190049999900170061800001092920200929162323.0091013s1941 dr 001 0 spa d aDO-SdBNPbspacBNPHU axxxbR426l1 aRepública DominicanatLeyes, decretos, etc.92634410a[Leyes, etc.]10aLey electoral :bcon sus modificaciones hasta julio de 1941. aCiudad Trujillo, República Dominicana :bPartido Dominicano,c1941. a129 p. ;c22 cm. aIncluye índice alfabético aBNPD 0010718PDaPDbPDcCTd2009-10-13iLF1l0oxxx R426lp10929-10r2020-06-25w2020-06-25yLFPDZNo se presta 0010718PDaPDbPDcCTd2009-10-13iLF1l0oxxx R426lp10929-20r2020-06-25te. 2w2020-06-25yLFPDZNo se presta c10667d10667